| 000 | 00364nam a2200145 a 4500 | ||
|---|---|---|---|
| 001 | 853 | ||
| 003 | CDMR | ||
| 005 | 20130116135158.0 | ||
| 008 | 130130s2005||||||||||||||||||||||||||||d | ||
| 040 |
_aCDMR _bcat _cCPC LLEIDA |
||
| 100 | 1 |
_aBellmunt Figueras, Joan _9671 |
|
| 245 | 1 | 3 |
_aEl Solsonès _cBELLMUNT FIGUERAS, Joan |
| 260 |
_aLleida _c2005 _bLa Mañana |
||
| 942 | _cMON | ||
| 999 |
_c853 _d853 |
||